Taxation 1 Simpmlified (Record no. 2822)

MARC details
005 - DATE AND TIME OF LATEST TRANSACTION
control field 20250529094600.0
082 ## - DEWEY DECIMAL CLASSIFICATION NUMBER
Classification number 336.267 SAL
100 ## - MAIN ENTRY--PERSONAL NAME
Author name SALEEMI, N . A .
245 ## - TITLE STATEMENT
Title Taxation 1 Simpmlified
250 ## - EDITION STATEMENT
Edition statement 4th Ed.
260 ## - PUBLICATION, DISTRIBUTION, ETC.
Place of publication, distribution, etc. Nairobi,
Name of publisher, distributor, etc. N . A . Saleem Publisher,
Date of publication, distribution, etc. 2001.
300 ## - PHYSICAL DESCRIPTION
Extent 405p.: ill.;
Dimensions 21cm
942 ## - ADDED ENTRY ELEMENTS (KOHA)
Source of classification or shelving scheme Dewey Decimal Classification
Koha item type Books
Holdings
Date last seen Total checkouts Full call number Barcode Cost, replacement price Price effective from Koha item type Lost status Source of classification or shelving scheme Damaged status Not for loan Withdrawn status Home library Current library Shelving location Date acquired Cost, normal purchase price
05/29/2025   336.267 SAL 00000010399 30000.00 05/29/2025 Books   Dewey Decimal Classification       College of Business Education Main Library College of Business Education Main Library General Collection 04/07/2001 10000.00